000 00753nam a2200205Ii 4500
003 JO-AjNU
008 230606s9999||||xx |||||||||||||| ||und||
017 _a2017/8/4372
040 _aJO-AjNU
_beng
_erda
_cJO-AjNU
041 _aeng
050 1 4 _aHQ766.5.J6 2017
100 3 _aSubmitted by: PKF ProGroup,
_eauthor
_96075
245 0 4 _aThe Status Quo Of Reproductive Health Programs in Relation to Persons With Disabilities in the Hashemite Kingdom Of Jordan
264 3 1 _aAmman: Higher Counil for the Rights of Persons With Disabilities
300 _a134P
336 _atext
_btxt
_2rdacontent
337 _aunmediated
_bn
_2rdamedia
338 _avolume
_bnc
_2rdacarrier
650 4 _aJordan - Reproductive Health - Persons with Disabilities
_96076
999 _aE3151
_c3148
_d3148